Interpersonal communication in the modern organization
Salvato in:
| Natura: | Libro |
|---|---|
| Lingua: | Undetermined |
| Pubblicazione: |
Englewood Cliffs
Prentice-Hall, Inc.
1982
|
| Soggetti: | |
| Tags: |
Aggiungi Tag
Nessun Tag, puoi essere il primo ad aggiungerne! !
|
| Thư viện lưu trữ: | Trung tâm Học liệu Trường Đại học Cần Thơ |
|---|
| LEADER | 00503nam a2200169Ia 4500 | ||
|---|---|---|---|
| 001 | CTU_86167 | ||
| 008 | 210402s9999 xx 000 0 und d | ||
| 082 | |a 658.4 | ||
| 082 | |b I.61 | ||
| 245 | 0 | |a Interpersonal communication in the modern organization | |
| 245 | 0 | |c Ernest G. Bormann...[et eal.] | |
| 260 | |a Englewood Cliffs | ||
| 260 | |b Prentice-Hall, Inc. | ||
| 260 | |c 1982 | ||
| 650 | |a Communication in organizations | ||
| 904 | |i Năm | ||
| 980 | |a Trung tâm Học liệu Trường Đại học Cần Thơ | ||